|
|
|
|
| LEADER |
00000nam a22000007a 4500 |
| 003 |
cru CIDCACS/IIS |
| 005 |
20180918110836.0 |
| 008 |
180918b1989 cr ||||| |||| 00| 0 spa d |
| 999 |
|
|
|c 41705
|d 41705
|
| 040 |
|
|
|c cru CIDCACS/IIS
|
| 090 |
|
4 |
|a REV0750 (21) 1989
|
| 100 |
1 |
|
|9 7711
|a May, Janet W.
|
| 110 |
2 |
|
|9 7636
|a Departamento Ecuménico de Investigaciones (DEI)
|
| 245 |
1 |
3 |
|a La mujer, el machismo y la biblia
|c Janet W. May
|
| 260 |
|
|
|a San José, Costa Rica
|b DEI
|c 1989
|
| 300 |
|
|
|a 10-14
|
| 650 |
1 |
7 |
|2 Macrotesauro ODCE
|9 1971
|a ROL DE LA MUJER
|
| 650 |
1 |
7 |
|2 Macrotesauro ODCE
|9 86
|a DISCRIMINACION BASADA EN EL GENERO
|
| 650 |
1 |
7 |
|2 Macrotesauro ODCE
|
| 651 |
|
0 |
|9 32
|a COSTA RICA
|
| 773 |
0 |
|
|0 41641
|9 2271
|a Departamento Ecuménico de Investigaciones (DEI)
|d San José, Costa Rica Departamento Ecuménico de Investigaciones (DEI)
|o 20058
|t Pasos /
|
| 942 |
|
|
|2 ddc
|c PP
|